Change of the External Flows of a Separating Cascade to Shorten the Duration of a Transient Process; Atomic Energy; Vol. 126, iss. 5

Podrobná bibliografie
Parent link:Atomic Energy
Vol. 126, iss. 5.— 2019.— [P. 294-299]
Hlavní autor: Orlov A. A. Aleksey Alekseevich
Korporativní autor: Национальный исследовательский Томский политехнический университет Инженерная школа ядерных технологий Отделение ядерно-топливного цикла
Další autoři: Ushakov A. A. Anton Andreevich, Sovach V. P. Viktor Petrovich
Shrnutí:Title screen
A transient process is studied for the example of obtaining in a cascade of gas centrifuges germanium enriched in 72Ge to 50%. The nature of the effect of the cascade flows on the concentration dynamics of the isotopes and duration of the transient process is determined. The conditions under which the accumulation of the desired isotope in the cascade is accelerated and the duration of the transient process is decreased are shown.
Режим доступа: по договору с организацией-держателем ресурса
Jazyk:angličtina
Vydáno: 2019
Témata:
On-line přístup:https://doi.org/10.1007/s10512-019-00552-y
Médium: Elektronický zdroj Kapitola
KOHA link:https://koha.lib.tpu.ru/cgi-bin/koha/opac-detail.pl?biblionumber=661291

MARC

LEADER 00000naa0a2200000 4500
001 661291
005 20250414152218.0
035 |a (RuTPU)RU\TPU\network\31615 
035 |a RU\TPU\network\29782 
090 |a 661291 
100 |a 20191128d2019 k||y0rusy50 ba 
101 1 |a eng 
102 |a US 
135 |a drcn ---uucaa 
181 0 |a i  
182 0 |a b 
200 1 |a Change of the External Flows of a Separating Cascade to Shorten the Duration of a Transient Process  |f A. A. Orlov, A. A. Ushakov, V. P. Sovach 
203 |a Text  |c electronic 
300 |a Title screen 
320 |a [References: 8 tit.] 
330 |a A transient process is studied for the example of obtaining in a cascade of gas centrifuges germanium enriched in 72Ge to 50%. The nature of the effect of the cascade flows on the concentration dynamics of the isotopes and duration of the transient process is determined. The conditions under which the accumulation of the desired isotope in the cascade is accelerated and the duration of the transient process is decreased are shown. 
333 |a Режим доступа: по договору с организацией-держателем ресурса 
461 |t Atomic Energy 
463 |t Vol. 126, iss. 5  |v [P. 294-299]  |d 2019 
610 1 |a труды учёных ТПУ 
610 1 |a электронный ресурс 
610 1 |a внешние потоки 
610 1 |a переходные процессы 
700 1 |a Orlov  |b A. A.  |c physicist  |c Professor of Tomsk Polytechnic University, Doctor of technical sciences  |f 1962-  |g Aleksey Alekseevich  |3 (RuTPU)RU\TPU\pers\34230  |9 17761 
701 1 |a Ushakov  |b A. A.  |g Anton Andreevich 
701 1 |a Sovach  |b V. P.  |g Viktor Petrovich 
712 0 2 |a Национальный исследовательский Томский политехнический университет  |b Инженерная школа ядерных технологий  |b Отделение ядерно-топливного цикла  |3 (RuTPU)RU\TPU\col\23554 
801 2 |a RU  |b 63413507  |c 20191128  |g RCR 
850 |a 63413507 
856 4 |u https://doi.org/10.1007/s10512-019-00552-y 
942 |c CF